00297nam a2200109Ia 4500008004100000020001500041082001700056100001700073245005000090260003900140300000800179161229s9999 xx 000 0 und d a8124202001 a294.5 SAN/HI aSanyal, R K  aHindu philosophy of sin, salvation and karma  bCrest Publishing aNew Delhic2001 a192